| 000 | 005760000a22001810004500 | ||
|---|---|---|---|
| 003 | MACL | ||
| 005 | 20160329155441.0 | ||
| 008 | 160329b xxu||||| |||| 00| 0 eng d | ||
| 040 |
_aMACL _cMACL |
||
| 041 | _aHindi | ||
| 082 | _a150 | ||
| 100 |
_aप्रो शमशाद हुसैन _948717 |
||
| 245 | _aहमारा व्यवहार | ||
| 260 |
_bखुदा बख्शा ओरियन्टल पब्लिक लाइब्रेरी _c2006 _aपटना |
||
| 350 | _a250 | ||
| 650 |
_aPsychology _948718 |
||
| 942 |
_cHIN _k150 _2ddc |
||
| 999 |
_c22730 _d22730 |
||